[Event "CAN-ch U20 2003"]
[Site "Shawinigan CAN"]
[Date "2003.01.06"]
[Round "7.4"]
[White "Bachand-Fleurent, Julien"]
[Black "Ramaswamy, Kishor"]
[Result "1/2-1/2"]
[WhiteElo "2065"]
[BlackElo "1947"]
[PlyCount "57"]
[EventDate "2003.01.03"]
[EventType "swiss"]
[EventRounds "7"]
[EventCountry "CAN"]

1. e4 c6 2. d4 d5 3. Nc3 dxe4 4. Nxe4 Bf5 5. Ng3 Bg6 6. f4 e6 7. h4 h6 8. h5
Bh7 9. Nf3 Nd7 10. Bd3 Bxd3 11. Qxd3 Qc7 12. Bd2 Ngf6 13. O-O O-O-O 14. c3 Bd6
15. Ne5 Nxe5 16. fxe5 Bxe5 17. Ne4 Nxh5 18. Qf3 Nf6 19. dxe5 Nxe4 20. Qxe4 Rxd2
21. Qe3 Rxb2 22. Qxa7 Qxe5 23. Rxf7 Rd8 24. Raf1 Qg3 25. Qa8+ Qb8 26. Qa3 Rbd2
27. Rxg7 Qe5 28. Qa8+ Qb8 29. Qa3 1/2-1/2

[Event "CAN-ch U20 2003"]
[Site "Shawinigan CAN"]
[Date "2003.01.06"]
[Round "7.5"]
[White "Khaziyeva, Dinara"]
[Black "Charbonneau, Anne-Marie"]
[Result "1/2-1/2"]
[WhiteElo "2043"]
[BlackElo "1900"]
[PlyCount "64"]
[EventDate "2003.01.03"]
[EventType "swiss"]
[EventRounds "7"]
[EventCountry "CAN"]

1. Nf3 e6 2. c4 d5 3. b3 Nf6 4. g3 b6 5. Bg2 Bb7 6. O-O c5 7. e3 Be7 8. d3 O-O
9. Bb2 Nbd7 10. Qe2 Qc7 11. Nbd2 Rac8 12. Ne1 e5 13. f4 e4 14. cxd5 Nxd5 15.
dxe4 Nb4 16. a3 Ba6 17. Nc4 Nc6 18. Qg4 Nf6 19. Bxf6 Bxf6 20. e5 Be7 21. Be4
Na5 22. Nxa5 Bxf1 23. Nc6 Bb5 24. Nxe7+ Qxe7 25. Nf3 h6 26. Qf5 g6 27. Qh3 Bc6
28. Bxc6 Rxc6 29. Qxh6 f5 30. Rd1 Rd8 31. Rxd8+ Qxd8 32. Nh4 Qd1+ 1/2-1/2

[Event "CAN-ch U20 2003"]
[Site "Shawinigan CAN"]
[Date "2003.01.06"]
[Round "7.6"]
[White "Palmer, Jordan"]
[Black "McAlpin, John-Francis"]
[Result "1/2-1/2"]
[WhiteElo "1881"]
[BlackElo "2000"]
[PlyCount "40"]
[EventDate "2003.01.03"]
[EventType "swiss"]
[EventRounds "7"]
[EventCountry "CAN"]

1. e4 c5 2. Nf3 d6 3. d4 cxd4 4. Nxd4 Nf6 5. Nc3 g6 6. Be3 Bg7 7. Be2 O-O 8.
O-O Nc6 9. h3 Nxd4 10. Bxd4 Be6 11. e5 dxe5 12. Bxe5 Qa5 13. Qd4 Rfd8 14. Qe3
Rd7 15. Bb5 Rdd8 16. a3 Nd5 17. Nxd5 Rxd5 18. Bxg7 Kxg7 19. Bd3 Rad8 20. Rfe1
a6 1/2-1/2

[Event "CAN-ch U20 2003"]
[Site "Shawinigan CAN"]
[Date "2003.01.06"]
[Round "7.8"]
[White "Dumesnil, Etienne"]
[Black "Simard, Remi"]
[Result "1-0"]
[WhiteElo "1909"]
[BlackElo "1166"]
[PlyCount "75"]
[EventDate "2003.01.03"]
[EventType "swiss"]
[EventRounds "7"]
[EventCountry "CAN"]

1. f3 d5 2. Kf2 e5 3. e3 Bc5 4. c3 Be6 5. Qb3 Bb6 6. d4 e4 7. Ne2 Nc6 8. Ng3
Nf6 9. Bb5 O-O 10. Nd2 Qe7 11. h3 exf3 12. gxf3 Nd8 13. Qc2 c6 14. Bd3 Bc7 15.
Ndf1 b6 16. Bd2 c5 17. b3 Nc6 18. Rg1 g6 19. h4 Kh8 20. Bb5 Bd7 21. Rh1 h5 22.
Re1 Rae8 23. c4 Qd6 24. cxd5 Qxd5 25. dxc5 bxc5 26. Bxc6 Qxc6 27. Bc3 Re6 28.
Qb2 Kg7 29. Rg1 Bb6 30. Nf5+ Kh7 31. Ne7 Qd6 32. Bxf6 Rxf6 33. Nd5 Re6 34. Rd1
Qc6 35. Ng3 Rd6 36. Nf6+ Kh6 37. Rd5 Be6 38. Rxh5+ 1-0

[Event "CAN-ch U20 2003"]
[Site "Shawinigan CAN"]
[Date "2003.01.06"]
[Round "7.9"]
[White "Federico, Anthony"]
[Black "Godbout, Mathieu"]
[Result "0-1"]
[WhiteElo "1029"]
[BlackElo "1745"]
[PlyCount "68"]
[EventDate "2003.01.03"]
[EventType "swiss"]
[EventRounds "7"]
[EventCountry "CAN"]

1. c4 e5 2. Nc3 Nf6 3. g3 Nc6 4. Bg2 Bb4 5. e3 O-O 6. Nge2 Re8 7. O-O d6 8. h3
Bf5 9. d4 Bxc3 10. bxc3 Qd7 11. Kh2 e4 12. Nf4 h6 13. f3 Kh8 14. Nd5 Ng8 15. f4
Na5 16. Qe2 c6 17. Nb4 d5 18. cxd5 cxd5 19. Nc2 Be6 20. g4 f5 21. gxf5 Bxf5 22.
Na3 a6 23. Bd2 Qa4 24. Bc1 Rac8 25. Bb2 Nf6 26. h4 Qd7 27. Kg3 Ng4 28. Bh3 Nxe3
29. Qxe3 Bxh3 30. Rg1 Qe6 31. Kh2 Bg4 32. Raf1 Qf5 33. c4 Nxc4 34. Qg3 h5 0-1

[Event "CAN-ch U20 2003 playoff w"]
[Site "Shawinigan CAN"]
[Date "2003.01.07"]
[Round "1"]
[White "Charbonneau, Anne-Marie"]
[Black "Khaziyeva, Dinara"]
[Result "1/2-1/2"]
[WhiteElo "1900"]
[BlackElo "2043"]
[PlyCount "120"]
[EventDate "2003.01.07"]
[EventType "match"]
[EventRounds "2"]
[EventCountry "CAN"]

1. d4 b6 2. c4 Bb7 3. Nf3 e6 4. a3 f5 5. d5 exd5 6. cxd5 Nf6 7. Nc3 g6 8. e3
Bg7 9. Bc4 d6 10. Nd4 Bc8 11. Bb5+ Kf7 12. O-O a6 13. Bc4 Re8 14. b4 Ne4 15.
Bb2 Nxc3 16. Bxc3 Re4 17. Qb3 Bxd4 18. Bxd4 Nd7 19. f4 Nf6 20. h3 Nh5 21. Rf3
Qh4 22. Qc3 Re7 23. Qe1 Qxe1+ 24. Rxe1 Bb7 25. g4 Nf6 26. Bxf6 Kxf6 27. g5+ Kf7
28. Kf2 Ke8 29. Rc1 Kd7 30. Bb3 Rae8 31. Ba4+ b5 32. Bb3 Ra8 33. a4 Re4 34. a5
Rxb4 35. Rc3 c5 36. dxc6+ Bxc6 37. Rg3 Be4 38. Rg1 Rc8 39. Be6+ Kxe6 40. Rxc8
Rb2+ 41. Kg3 b4 42. Rb8 b3 43. Rb6 Rd2 44. Rxb3 Ra2 45. Rb6 Rxa5 46. Rd1 Bd5
47. Rd2 Ra1 48. Rb4 Rg1+ 49. Kh4 Ra1 50. Rbd4 Ra5 51. Kg3 Rc5 52. Ra4 Bc4 53.
Rd4 Bb5 54. Ra2 d5 55. Ra5 Kd6 56. Rd2 Kc6 57. Rda2 Kb6 58. R5a3 Rc4 59. Rd2
Rc5 60. Ra1 a5 1/2-1/2

[Event "CAN-ch U20 2003 playoff w"]
[Site "Shawinigan CAN"]
[Date "2003.01.07"]
[Round "2"]
[White "Khaziyeva, Dinara"]
[Black "Charbonneau, Anne-Marie"]
[Result "0-1"]
[WhiteElo "2043"]
[BlackElo "1900"]
[PlyCount "52"]
[EventDate "2003.01.07"]
[EventType "match"]
[EventRounds "2"]
[EventCountry "CAN"]

1. b3 Nf6 2. Bb2 e6 3. e3 d5 4. d4 Be7 5. Nf3 c6 6. Bd3 Nbd7 7. c4 b6 8. O-O
Ba6 9. Nbd2 O-O 10. Qc2 Re8 11. e4 dxe4 12. Nxe4 Nf8 13. Rfe1 Rc8 14. Rad1 Qc7
15. Ne5 Nxe4 16. Bxe4 Bb7 17. Re3 Bf6 18. Rh3 g6 19. Qd2 Rcd8 20. Ng4 Bg7 21.
Nh6+ Kh8 22. d5 cxd5 23. Bxg7+ Kxg7 24. Qb2+ f6 25. Ng4 Qe7 26. Rf3 dxe4 0-1

[Event "CAN-op"]
[Site "Kapuskasing CAN"]
[Date "2003.07.12"]
[Round "1"]
[White "Arencibia, Walter"]
[Black "Meng, Fanhao"]
[Result "1-0"]
[WhiteElo "2554"]
[BlackElo "2230"]
[PlyCount "49"]
[EventDate "2003.07.12"]
[EventType "swiss"]
[EventRounds "9"]
[EventCountry "CAN"]

1. d4 d5 2. c4 Nc6 3. cxd5 Qxd5 4. e3 e5 5. Nc3 Bb4 6. Bd2 Bxc3 7. bxc3 Qd6 8.
Bd3 f5 9. Qb1 Nge7 10. Ne2 O-O 11. O-O Rb8 12. f3 h6 13. Rd1 f4 14. e4 exd4 15.
Kh1 Be6 16. cxd4 Nxd4 17. e5 Qxe5 18. Bc3 c5 19. Nxd4 cxd4 20. Bxd4 Qa5 21. Re1
Nc6 22. Bh7+ Kh8 23. Bxg7+ Kxg7 24. Qg6+ Kh8 25. Qxh6 1-0

[Event "CAN-op"]
[Site "Kapuskasing CAN"]
[Date "2003.07.12"]
[Round "1"]
[White "Panjwani, Dilip"]
[Black "Davies, Noam"]
[Result "1/2-1/2"]
[WhiteElo "1705"]
[BlackElo "1901"]
[PlyCount "57"]
[EventDate "2003.07.12"]
[EventType "swiss"]
[EventRounds "9"]
[EventCountry "CAN"]

1. e4 c5 2. c4 Nc6 3. Nc3 e6 4. g3 g6 5. Bg2 Bg7 6. Nge2 Nge7 7. d3 O-O 8. h4
b6 9. h5 Bb7 10. Be3 a6 11. Qd2 Bh8 12. Bh6 Re8 13. Nf4 Nd4 14. hxg6 fxg6 15.
Bg5 b5 16. Nce2 Nxe2 17. Kxe2 Rf8 18. Rh2 Rf7 19. Rah1 Qe8 20. Rh6 Bd4 21. f3
Rb8 22. cxb5 Bc8 23. b3 axb5 24. Qc1 d5 25. R1h2 Qf8 26. Qh1 Ra8 27. a4 bxa4
28. Bxe7 axb3 29. Bxf8 1/2-1/2

[Event "CAN-op"]
[Site "Kapuskasing CAN"]
[Date "2003.07.12"]
[Round "1"]
[White "Perelshteyn, Eugene"]
[Black "Tang, Charlie"]
[Result "1-0"]
[WhiteElo "2442"]
[BlackElo "2260"]
[PlyCount "54"]
[EventDate "2003.07.12"]
[EventType "swiss"]
[EventRounds "9"]
[EventCountry "CAN"]

1. e4 c5 2. Nf3 d6 3. d4 cxd4 4. Nxd4 Nf6 5. Nc3 g6 6. Be3 Bg7 7. f3 Nc6 8. Qd2
O-O 9. Bc4 Bd7 10. O-O-O Rb8 11. Bb3 Na5 12. g4 b5 13. Nde2 Rb7 14. g5 Ne8 15.
h4 Nc4 16. Bxc4 bxc4 17. h5 Qa5 18. Qe1 Nc7 19. hxg6 fxg6 20. Qh4 Rxb2 21. Kxb2
Nb5 22. e5 Be6 23. Nxb5 Qxb5+ 24. Kc1 dxe5 25. f4 c3 26. Nxc3 Qb4 27. Rd3 Bc4
1-0

[Event "CAN-op"]
[Site "Kapuskasing CAN"]
[Date "2003.07.12"]
[Round "1"]
[White "Pogonina, Natalija"]
[Black "Christiansen, Larry"]
[Result "0-1"]
[WhiteElo "2340"]
[BlackElo "2679"]
[PlyCount "48"]
[EventDate "2003.07.12"]
[EventType "swiss"]
[EventRounds "9"]
[EventCountry "CAN"]

1. e4 c5 2. Nf3 e6 3. d4 cxd4 4. Nxd4 a6 5. Bd3 Bc5 6. Nb3 Ba7 7. O-O Nc6 8.
Nc3 Nf6 9. Bg5 h6 10. Bh4 d6 11. Kh1 g5 12. Bg3 h5 13. Be2 e5 14. h3 Be6 15.
Qd2 Rg8 16. Rad1 Nd4 17. Bd3 h4 18. Bh2 g4 19. hxg4 Nxg4 20. Nxd4 exd4 21. Rde1
Qf6 22. Nd1 h3 23. Bg3 hxg2+ 24. Kxg2 Nh2 0-1

[Event "CAN-op"]
[Site "Kapuskasing CAN"]
[Date "2003.07.12"]
[Round "1"]
[White "Rolfe, Warrick"]
[Black "Zatonskih, Anna"]
[Result "0-1"]
[WhiteElo "2237"]
[BlackElo "2423"]
[PlyCount "75"]
[EventDate "2003.07.12"]
[EventType "swiss"]
[EventRounds "9"]
[EventCountry "CAN"]

1. e4 e6 2. Nf3 d5 3. Nc3 dxe4 4. Nxe4 Nd7 5. d4 Ngf6 6. Bg5 h6 7. Bh4 Be7 8.
Nxf6+ Bxf6 9. Bxf6 Qxf6 10. Bd3 c5 11. O-O cxd4 12. Bb5 a6 13. Bxd7+ Bxd7 14.
Qxd4 Qxd4 15. Nxd4 f6 16. Rfe1 Kf7 17. Rad1 Rhd8 18. Rd2 e5 19. Nb3 Bg4 20.
Rxd8 Rxd8 21. f3 Be6 22. Re2 Rd1+ 23. Kf2 Rb1 24. c3 b6 25. g4 e4 26. Nd4 Bxa2
27. b4 Bd5 28. fxe4 Bc4 29. Re3 Rc1 30. e5 fxe5 31. Nc6 Kf6 32. Nxe5 Be6 33. h3
a5 34. bxa5 bxa5 35. Nc6 a4 36. Rf3+ Kg6 37. Ne5+ Kh7 38. Kg3 0-1

[Event "CAN-op"]
[Site "Kapuskasing CAN"]
[Date "2003.07.12"]
[Round "1"]
[White "Smith, Hazel"]
[Black "Mayo, Alvah"]
[Result "1-0"]
[WhiteElo "1872"]
[BlackElo "2123"]
[PlyCount "55"]
[EventDate "2003.07.12"]
[EventType "swiss"]
[EventRounds "9"]
[EventCountry "CAN"]

1. e4 g6 2. d4 Bg7 3. Nc3 c5 4. Nf3 cxd4 5. Nxd4 Nc6 6. Be3 d6 7. f3 Nf6 8. Qd2
Bd7 9. g4 Rc8 10. h4 Ne5 11. Be2 a6 12. a4 Nc4 13. Bxc4 Rxc4 14. a5 Qc8 15. g5
Nh5 16. Nd5 e5 17. Nb6 exd4 18. Nxc8 dxe3 19. Nxd6+ Ke7 20. Qd3 Rd4 21. Qa3
Rxd6 22. Rd1 Be5 23. c4 Nf4 24. Rxd6 Bxd6 25. c5 Be5 26. c6+ Bd6 27. Qc3 Bc7
28. Qf6+ 1-0

[Event "CAN-op"]
[Site "Kapuskasing CAN"]
[Date "2003.07.12"]
[Round "1"]
[White "Tsui, Edwin"]
[Black "Patterson, Roger"]
[Result "1/2-1/2"]
[WhiteElo "1898"]
[BlackElo "2200"]
[PlyCount "90"]
[EventDate "2003.07.12"]
[EventType "swiss"]
[EventRounds "9"]
[EventCountry "CAN"]

1. e4 e5 2. Nf3 Nc6 3. d4 exd4 4. Bc4 Bc5 5. Ng5 Nh6 6. Nxf7 Nxf7 7. Bxf7+ Kxf7
8. Qh5+ Kf8 9. Qxc5+ Qe7 10. Qxe7+ Kxe7 11. Bg5+ Kf7 12. Nd2 Re8 13. O-O-O d6
14. f3 Ne5 15. Nb3 c5 16. Rhe1 b6 17. Nd2 Ba6 18. h3 h6 19. Bf4 g5 20. Bxe5
dxe5 21. Nf1 h5 22. Ng3 Rh8 23. Nf5 Kf6 24. b3 Rad8 25. Rd2 h4 26. Red1 Bc8 27.
Ne3 Be6 28. c4 Rdf8 29. Nc2 Ke7 30. Ne1 Kd6 31. a4 a6 32. Kc2 Rb8 33. Ra1 Rhc8
34. Nd3 Rc6 35. Rdd1 b5 36. axb5 axb5 37. b4 cxb4 38. c5+ Ke7 39. Kb2 Kf6 40.
Nxb4 Rxc5 41. Na6 Rbc8 42. Nxc5 Rxc5 43. Rdc1 Rc4 44. Rxc4 bxc4 45. Ra6 c3+
1/2-1/2

[Event "CAN-op"]
[Site "Kapuskasing CAN"]
[Date "2003.07.12"]
[Round "1"]
[White "Wang, Hao Yuan"]
[Black "Cramling, Pia"]
[Result "0-1"]
[WhiteElo "2275"]
[BlackElo "2488"]
[PlyCount "44"]
[EventDate "2003.07.12"]
[EventType "swiss"]
[EventRounds "9"]
[EventCountry "CAN"]

1. e4 c5 2. Nf3 e6 3. d4 cxd4 4. Nxd4 a6 5. Bd3 Bc5 6. Nb3 Be7 7. O-O d6 8. c4
b6 9. Nc3 Bb7 10. f4 Nd7 11. Be3 Ngf6 12. Qf3 h5 13. a4 Rb8 14. a5 bxa5 15.
Nxa5 Ba8 16. Rfb1 Ng4 17. Kh1 Nxe3 18. Qxe3 Bf6 19. Bc2 Qb6 20. Qd2 O-O 21. Ra3
Bxc3 22. Qxc3 Qf2 0-1

[Event "CAN-op"]
[Site "Kapuskasing CAN"]
[Date "2003.07.12"]
[Round "1"]
[White "Wojtkiewicz, Aleksander"]
[Black "Fierro Baquero, Martha"]
[Result "1-0"]
[WhiteElo "2553"]
[BlackElo "2313"]
[PlyCount "54"]
[EventDate "2003.07.12"]
[EventType "swiss"]
[EventRounds "9"]
[EventCountry "CAN"]

1. Nf3 g6 2. d4 Bg7 3. c4 d6 4. Nc3 c5 5. e3 cxd4 6. exd4 Nf6 7. Be2 O-O 8. O-O
d5 9. cxd5 Nxd5 10. Qb3 e6 11. Bg5 f6 12. Bd2 Nc6 13. Rad1 Kh8 14. Rfe1 g5 15.
h3 b6 16. Nxd5 exd5 17. Bb5 Bb7 18. Re6 Rc8 19. Rc1 Rc7 20. Qd3 a5 21. Ba4 h6
22. Qg6 Ne7 23. Qh5 Rc8 24. Nxg5 fxg5 25. Rxh6+ Bxh6 26. Qxh6+ Kg8 27. Qxg5+
Kh8 1-0

[Event "CAN-op"]
[Site "Kapuskasing CAN"]
[Date "2003.07.13"]
[Round "2"]
[White "Cramling, Pia"]
[Black "Demmery, Steve"]
[Result "1-0"]
[WhiteElo "2488"]
[BlackElo "2208"]
[PlyCount "49"]
[EventDate "2003.07.12"]
[EventType "swiss"]
[EventRounds "9"]
[EventCountry "CAN"]

1. d4 c5 2. d5 e6 3. c4 exd5 4. cxd5 d6 5. e4 g6 6. Nf3 Bg7 7. Bd3 Ne7 8. Nc3
O-O 9. h3 a6 10. O-O Nd7 11. Bf4 Nf6 12. Re1 b5 13. Qd2 Bb7 14. Rac1 Re8 15. a3
Qb6 16. b4 Nd7 17. Be3 Rac8 18. Ne2 Qc7 19. Bb1 c4 20. Nfd4 Kh8 21. Nc3 Qd8 22.
Bc2 Ng8 23. a4 bxa4 24. Bxa4 Rf8 25. f4 1-0

[Event "CAN-op"]
[Site "Kapuskasing CAN"]
[Date "2003.07.13"]
[Round "2"]
[White "Gersov, Evgeny"]
[Black "Jonkman, Harmen"]
[Result "0-1"]
[WhiteElo "2352"]
[BlackElo "2424"]
[PlyCount "100"]
[EventDate "2003.07.12"]
[EventType "swiss"]
[EventRounds "9"]
[EventCountry "CAN"]

1. e4 e5 2. Nf3 Nc6 3. Bc4 Nf6 4. d3 Bc5 5. Nc3 h6 6. Be3 Bb4 7. O-O Bxc3 8.
bxc3 O-O 9. h3 d5 10. exd5 Nxd5 11. Bd2 Qd6 12. Re1 Bd7 13. Qe2 Rae8 14. Qe4
Nf6 15. Qh4 Ne7 16. Nxe5 Nf5 17. Qf4 g5 18. Qh2 Bc8 19. Ng6 Rxe1+ 20. Rxe1 Re8
21. Rxe8+ Nxe8 22. Qe5 Qxe5 23. Nxe5 Ned6 24. Bb3 Kg7 25. f4 f6 26. Nc4 c5 27.
Nxd6 Nxd6 28. Bd5 g4 29. hxg4 Bxg4 30. Be3 b6 31. Kf2 Bd1 32. Bb3 c4 33. dxc4
Ne4+ 34. Ke1 Bg4 35. c5 Nxc5 36. Bd5 Bf5 37. Kd1 Kg6 38. Bxc5 bxc5 39. Kd2 Kh5
40. Ke3 Kg4 41. Be4 Bxe4 42. Kxe4 h5 43. c4 h4 44. Kd5 Kg3 45. Kxc5 Kxg2 46.
Kd6 h3 47. c5 h2 48. c6 h1=Q 49. Kd7 Qd1+ 50. Kc8 Qxc2 0-1

[Event "CAN-op"]
[Site "Kapuskasing CAN"]
[Date "2003.07.13"]
[Round "2"]
[White "Henry, Liam"]
[Black "Ross, Dave"]
[Result "0-1"]
[WhiteElo "2002"]
[BlackElo "2385"]
[PlyCount "56"]
[EventDate "2003.07.12"]
[EventType "swiss"]
[EventRounds "9"]
[EventCountry "CAN"]

1. e4 b6 2. d4 Bb7 3. Nc3 e6 4. Nf3 Bb4 5. Bd3 Nf6 6. Qe2 d5 7. e5 Ne4 8. Bd2
Bxc3 9. bxc3 Nc6 10. Bxe4 dxe4 11. Qxe4 Qd7 12. O-O O-O-O 13. Qe2 Qd5 14. a4 g5
15. Bxg5 Rhg8 16. Bxd8 Nxd8 17. Kh1 Nc6 18. Rg1 Na5 19. Ne1 c5 20. Qh5 f5 21.
Qxh7 Re8 22. Qh4 Qc4 23. Rd1 Qxc3 24. Rd3 Qc4 25. Qf6 Bd5 26. dxc5 Qxc5 27. Nf3
Qxc2 28. Rxd5 exd5 0-1

[Event "CAN-op"]
[Site "Kapuskasing CAN"]
[Date "2003.07.13"]
[Round "2"]
[White "Kudrin, Sergey"]
[Black "Palsson, Halldor"]
[Result "1-0"]
[WhiteElo "2583"]
[BlackElo "2078"]
[PlyCount "51"]
[EventDate "2003.07.12"]
[EventType "swiss"]
[EventRounds "9"]
[EventCountry "CAN"]

1. e4 e6 2. d4 d5 3. Nd2 Nf6 4. e5 Nfd7 5. c3 c5 6. Bd3 Nc6 7. Ne2 cxd4 8. cxd4
f6 9. exf6 Nxf6 10. Nf3 Qb6 11. O-O Bd6 12. Nc3 a6 13. a3 O-O 14. Bg5 Bd7 15.
Re1 Rae8 16. b4 Kh8 17. Bc2 Re7 18. Qd3 g6 19. Rad1 Be8 20. Na4 Qc7 21. Nc5
Bxc5 22. dxc5 e5 23. Bxf6+ Rxf6 24. Qxd5 Bf7 25. Qd2 Be6 26. Qg5 1-0

[Event "CAN-op"]
[Site "Kapuskasing CAN"]
[Date "2003.07.13"]
[Round "2"]
[White "Meng, Fanhao"]
[Black "Ginsburg, Mark"]
[Result "1-0"]
[WhiteElo "2230"]
[BlackElo "2378"]
[PlyCount "120"]
[EventDate "2003.07.12"]
[EventType "swiss"]
[EventRounds "9"]
[EventCountry "CAN"]

1. e4 c5 2. c3 d6 3. d4 Nf6 4. Bd3 cxd4 5. cxd4 g6 6. h3 Bg7 7. Nf3 O-O 8. Nc3
a6 9. O-O b5 10. b4 Bb7 11. Be3 Nbd7 12. Qb3 Nb6 13. Nd2 d5 14. e5 Nfd7 15. a4
Nxe5 16. dxe5 d4 17. Be4 Bxe4 18. Ndxe4 bxa4 19. Nxa4 dxe3 20. Qxe3 Nc4 21. Qc5
Nxe5 22. Rad1 Nd3 23. Qe3 Qe8 24. Nb6 Nxb4 25. Nxa8 Qxa8 26. Nc5 e6 27. Nd7 Nd5
28. Rxd5 exd5 29. Nxf8 Bxf8 30. Rd1 a5 31. Qd4 a4 32. Qxd5 Qxd5 33. Rxd5 h5 34.
Ra5 a3 35. f4 h4 36. Kf2 f5 37. Ra6 Kf7 38. Ke3 Be7 39. Kd3 Bf8 40. Kc4 Be7 41.
Kd5 Bf8 42. Ra8 Be7 43. Ra7 Kf6 44. Ra6+ Kf7 45. Ke5 Bf8 46. Kd5 Be7 47. Kc4
Bf8 48. Kd3 Be7 49. Ke2 Bf8 50. Kf3 Be7 51. g4 hxg3 52. Kxg3 Bb4 53. Kf3 Kg7
54. Ke3 Kh6 55. Kd4 Bd2 56. Rxa3 Bxf4 57. Kd5 Kg5 58. Ke6 Kh4 59. Ra4 Kg3 60.
Kf6 Be3 1-0

[Event "CAN-op"]
[Site "Kapuskasing CAN"]
[Date "2003.07.13"]
[Round "2"]
[White "Pira, Davoud"]
[Black "Arencibia, Walter"]
[Result "0-1"]
[WhiteElo "2398"]
[BlackElo "2554"]
[PlyCount "64"]
[EventDate "2003.07.12"]
[EventType "swiss"]
[EventRounds "9"]
[EventCountry "CAN"]

1. d4 Nf6 2. Nf3 e6 3. Bg5 h6 4. Bh4 b6 5. e3 Bb7 6. Bd3 Be7 7. O-O c5 8. dxc5
bxc5 9. c4 Nc6 10. Nc3 d6 11. Qe2 g5 12. Bg3 h5 13. h4 gxh4 14. Bxh4 Ng4 15.
Bxe7 Qxe7 16. Be4 Rg8 17. Rfd1 O-O-O 18. b4 cxb4 19. Nb5 f5 20. Bxc6 Bxc6 21.
Nbd4 Be4 22. c5 dxc5 23. Qa6+ Qb7 24. Qxe6+ Kb8 25. Nxf5 Bxf3 26. Ne7 Bxd1 27.
Nxg8 Qg7 28. Rc1 Qxg8 29. Qc6 Qd5 30. Qb5+ Ka8 31. Rxc5 Qd6 32. Rxh5 Ba4 0-1

[Event "CAN-op"]
[Site "Kapuskasing CAN"]
[Date "2003.07.13"]
[Round "2"]
[White "Smith, Stephanie"]
[Black "Katainen, Ernest"]
[Result "1-0"]
[WhiteElo "1187"]
[BlackElo "1694"]
[PlyCount "87"]
[EventDate "2003.07.12"]
[EventType "swiss"]
[EventRounds "9"]
[EventCountry "CAN"]

1. d4 e6 2. Nf3 d5 3. Bf4 c5 4. e3 Nc6 5. c3 Nf6 6. Bb5 Bd7 7. Nbd2 a6 8. Ba4
Be7 9. Bc2 O-O 10. O-O cxd4 11. exd4 Qb6 12. Nb3 Rac8 13. Qd3 Rfd8 14. Bg5 Ne4
15. Bxe7 Nxe7 16. Qe3 Nf6 17. Ng5 Qd6 18. Qh3 h6 19. Nf3 b6 20. Bd3 a5 21. Rfe1
a4 22. Nbd2 a3 23. bxa3 Rxc3 24. Ne5 Rxa3 25. Ndc4 Rxd3 26. Nxd6 Rxh3 27. gxh3
Be8 28. Nxe8 Nxe8 29. Reb1 Rb8 30. Nd7 Rb7 31. Nxb6 Nd6 32. Na4 Ra7 33. Rb8+
Kh7 34. Nc3 Rc7 35. Nb5 Nxb5 36. Rxb5 Rc4 37. Rb7 Nf5 38. Rxf7 Nxd4 39. a4 Nb3
40. Ra3 Na5 41. Ra7 Rc5 42. Rg3 h5 43. Raxg7+ Kh8 44. R7g5 1-0

[Event "CAN-op"]
[Site "Kapuskasing CAN"]
[Date "2003.07.13"]
[Round "2"]
[White "Vera, Reynaldo"]
[Black "Ng, Gary"]
[Result "1-0"]
[WhiteElo "2559"]
[BlackElo "2089"]
[PlyCount "73"]
[EventDate "2003.07.12"]
[EventType "swiss"]
[EventRounds "9"]
[EventCountry "CAN"]

1. d4 d5 2. c4 c6 3. Nc3 Nf6 4. e3 a6 5. Bd3 b5 6. b3 Bg4 7. Nge2 e6 8. Qc2 Be7
9. Ng3 Nbd7 10. h3 Bh5 11. Nxh5 Nxh5 12. Bxh7 bxc4 13. bxc4 dxc4 14. Be4 Rc8
15. O-O Nhf6 16. Bf3 Nd5 17. Na4 N5b6 18. Bd2 c5 19. Ba5 cxd4 20. exd4 O-O 21.
Rab1 Rb8 22. d5 exd5 23. Bxd5 Qc7 24. Rfd1 Qa7 25. Nxb6 Nxb6 26. Bxc4 Nxc4 27.
Qxc4 Bc5 28. Qf4 Rb5 29. Bc3 Rfb8 30. Rbc1 Ba3 31. Rc2 Rb1 32. Rcd2 Qe7 33. Qg3
Qf8 34. Bxg7 Qxg7 35. Qxa3 Qa1 36. Qg3+ Kf8 37. Qxb8+ 1-0

[Event "CAN-op"]
[Site "Kapuskasing CAN"]
[Date "2003.07.13"]
[Round "2"]
[White "Zatonskih, Anna"]
[Black "Nataf, Igor A"]
[Result "0-1"]
[WhiteElo "2423"]
[BlackElo "2580"]
[PlyCount "112"]
[EventDate "2003.07.12"]
[EventType "swiss"]
[EventRounds "9"]
[EventCountry "CAN"]
[Source "Mark Crowther"]
[SourceDate "2003.07.14"]

1. e4 c5 2. d3 g6 3. g3 Bg7 4. Bg2 e5 5. c3 d6 6. f4 Ne7 7. Nf3 Nbc6 8. O-O h6
9. Be3 exf4 10. gxf4 f5 11. Qb3 Na5 12. Qa3 O-O 13. e5 b6 14. b4 Nac6 15. d4
Be6 16. bxc5 bxc5 17. exd6 Nd5 18. Bd2 Qxd6 19. Ne5 Nxe5 20. dxe5 Qc7 21. c4
Nb6 22. Bxa8 Rxa8 23. Be3 Nxc4 24. Qxc5 Qd7 25. Nc3 Qd3 26. Bf2 Rc8 27. Qd4
Nxe5 28. fxe5 Rxc3 29. Qxd3 Rxd3 30. Bxa7 Bxe5 31. Rae1 Rd5 32. a3 Bf7 33. Bf2
Ra5 34. Re3 f4 35. Rd3 g5 36. Re1 Kh7 37. Bb6 Rb5 38. Bd4 Bd6 39. a4 Rd5 40.
Rdd1 Bb4 41. Re5 Rd7 42. Kf1 Bc3 43. Bxc3 Rxd1+ 44. Ke2 Rh1 45. a5 Rxh2+ 46.
Ke1 Ra2 47. Rc5 Kg6 48. Rc6+ Kh5 49. a6 Be8 50. Rb6 Kg4 51. Rxh6 Bb5 52. a7
Rxa7 53. Rg6 Re7+ 54. Kf2 Re2+ 55. Kg1 Rc2 56. Bd4 Kh3 0-1

[Event "CAN-op"]
[Site "Kapuskasing CAN"]
[Date "2003.07.13"]
[Round "3"]
[White "Davies, Lucas"]
[Black "Predescu, Sebastian"]
[Result "0-1"]
[WhiteElo "2050"]
[BlackElo "2260"]
[PlyCount "64"]
[EventDate "2003.07.12"]
[EventType "swiss"]
[EventRounds "9"]
[EventCountry "CAN"]

1. e4 c5 2. Nc3 Nc6 3. g3 g6 4. Bg2 Bg7 5. d3 e6 6. Be3 d6 7. Qd2 Bd7 8. Nge2
Nd4 9. Nd1 Ne7 10. c3 Nxe2 11. Qxe2 Rc8 12. O-O O-O 13. d4 cxd4 14. cxd4 d5 15.
Nc3 dxe4 16. Nxe4 Bc6 17. Rfd1 Bxe4 18. Bxe4 Qd7 19. Qf3 Rfd8 20. Rd2 Nd5 21.
Bg5 f6 22. Be3 f5 23. Bc2 a5 24. Qe2 h6 25. Bb3 Kh7 26. a3 a4 27. Ba2 b5 28.
Rad1 Qc6 29. Bxd5 Rxd5 30. Bf4 Rcd8 31. Be5 Bxe5 32. dxe5 Rxd2 0-1

[Event "CAN-op"]
[Site "Kapuskasing CAN"]
[Date "2003.07.13"]
[Round "3"]
[White "Demmery, Steve"]
[Black "Lobach, Pavel"]
[Result "0-1"]
[WhiteElo "2208"]
[BlackElo "2327"]
[PlyCount "63"]
[EventDate "2003.07.12"]
[EventType "swiss"]
[EventRounds "9"]
[EventCountry "CAN"]

1. d4 e6 2. c4 f5 3. g3 Nf6 4. Bg2 c6 5. e3 d5 6. Qd3 b6 7. Ne2 Bd6 8. a3 a5 9.
b3 O-O 10. O-O Bb7 11. Nbc3 Ba6 12. Bb2 Nbd7 13. Rfc1 Qe7 14. Qd1 Rac8 15. cxd5
exd5 16. Rc2 g5 17. b4 axb4 18. axb4 Bc4 19. Nc1 Bxb4 20. Bf1 b5 21. Bxc4 dxc4
22. N1a2 Bd6 23. d5 b4 24. dxc6 Nb6 25. Nb5 Bc5 26. Nd4 Nfd5 27. Qf3 g4 28.
Nxf5 Qg5 29. Nh6+ Qxh6 30. Qxg4+ Qg6 31. Qe2 Qe4 32. Rd2 0-1

[Event "CAN-op"]
[Site "Kapuskasing CAN"]
[Date "2003.07.13"]
[Round "3"]
[White "Moiseenko, Alexander"]
[Black "Vera, Reynaldo"]
[Result "1-0"]
[WhiteElo "2618"]
[BlackElo "2559"]
[PlyCount "65"]
[EventDate "2003.07.12"]
[EventType "swiss"]
[EventRounds "9"]
[EventCountry "CAN"]

1. d4 d5 2. c4 c6 3. Nc3 Nf6 4. Nf3 e6 5. e3 a6 6. b3 c5 7. cxd5 exd5 8. Be2
Nc6 9. O-O Bg4 10. Ne5 Bxe2 11. Qxe2 Rc8 12. Nxc6 Rxc6 13. dxc5 Bxc5 14. Bb2
O-O 15. Rfd1 Bd6 16. Rd3 Ne4 17. Nxe4 dxe4 18. Qg4 f6 19. Qxe4 Qc7 20. g3 Be5
21. Bxe5 fxe5 22. Rad1 Rc1 23. Kg2 Rxd1 24. Rxd1 b5 25. Rd5 Re8 26. Qf5 h6 27.
e4 Qc2 28. Rxe5 Rf8 29. Qe6+ Kh8 30. Rf5 Rxf5 31. exf5 Qxa2 32. Qe8+ Kh7 33.
Qg6+ 1-0